000 00549nam a22002057a 4500
003 OSt
005 20140310182822.0
008 130305t xxu||||| |||| 00| 0 eng d
020 _a9780199556649
050 _aBQ 6893
_b.K41 2009
082 _aM 189.4
_bK41 2009
245 _aThomas Aquinas
_ba very short introduction
_cKerr, Fergus
260 _aOxford ; New York
_bOxford University Press
_c2009
300 _a127 p.
_bill.
_c18 cm.
521 _aCollege
526 _c1210L-1700L
541 _j1
562 _e1
942 _2lcc
_cBK
_kM
999 _c16416
_d16416